现代性在中国的建构与反思: (Record no. 30047)
[ view plain ]
| 000 -LEADER | |
|---|---|
| fixed length control field | 00760nam a2200205Ia 4500 |
| 008 - FIXED-LENGTH DATA ELEMENTS--GENERAL INFORMATION | |
| fixed length control field | 201007s9999||||xx |||||||||||||| ||und|| |
| 020 ## - INTERNATIONAL STANDARD BOOK NUMBER | |
| International Standard Book Number | 7516155608 |
| 020 ## - INTERNATIONAL STANDARD BOOK NUMBER | |
| International Standard Book Number | 9787516155608 |
| 041 ## - LANGUAGE CODE | |
| Language code of text/sound track or separate title | chi |
| 050 ## - LIBRARY OF CONGRESS CALL NUMBER | |
| Classification number | DS754.17 |
| Item number | .Q366 2015 |
| 100 ## - MAIN ENTRY--PERSONAL NAME | |
| Personal name | 屈从文 |
| 245 #0 - TITLE STATEMENT | |
| Title | 现代性在中国的建构与反思: |
| Remainder of title | 晚清天朝观念的消解和主权观念的确立 / |
| Statement of responsibility, etc. | 屈从文 |
| 246 ## - VARYING FORM OF TITLE | |
| Title proper/short title | 現代性在中國的建構與反思 : |
| Remainder of title | 晚清天朝觀念的消解和主權觀念的確立/ |
| 260 ## - PUBLICATION, DISTRIBUTION, ETC. | |
| Place of publication, distribution, etc. | 北京 : |
| Name of publisher, distributor, etc. | 中国社会科学出版社, |
| Date of publication, distribution, etc. | 2015 |
| 300 ## - PHYSICAL DESCRIPTION | |
| Extent | 4, 6, 219 p. |
| Other physical details | ; |
| Dimensions | 24 cm. |
| 490 ## - SERIES STATEMENT | |
| Series statement | 国家社科基金后期资助项目 |
| 650 ## - SUBJECT ADDED ENTRY--TOPICAL TERM | |
| Topical term or geographic name entry element | Philosophy -- China -- 19th century. |
| 650 ## - SUBJECT ADDED ENTRY--TOPICAL TERM | |
| Topical term or geographic name entry element | Philosophy -- China -- 20th century. |
| Withdrawn status | Lost status | Damaged status | Not for loan | Home library | Current library | Shelving location | Date acquired | Total Checkouts | Full call number | Barcode | Date last seen | Price effective from | Koha item type |
|---|---|---|---|---|---|---|---|---|---|---|---|---|---|
| GETS Theological Seminary Library | GETS Theological Seminary Library | General Stacks | 10/07/2020 | DS754.17 .Q366 2015 | 00017616 | 10/07/2020 | 10/07/2020 | Chinese Book |